Fyzikálna stabilita kozmetických emulzií na báze špeciálnych druhov vôd a hydrolizovanej kyseliny hyaluronovej
Enregistré dans:
| Auteur principal: | |
|---|---|
| Format: | Livre |
| Langue: | slovaque |
| Publié: |
Bratislava
STU FCHPT
2011
|
| Accès en ligne: | Voir à l'OPAC |
| Tags: |
Pas de tags, Soyez le premier à ajouter un tag!
|
MARC
| LEADER | 00000nam a2200000 a 4500 | ||
|---|---|---|---|
| 005 | 20260127134012.0 | ||
| 008 | 110627 2011 xo 000 0 slo d | ||
| 035 | |a vtls010288735 | ||
| 039 | 9 | |y 201106270923 |z mschk03 | |
| 040 | |a STUSCHK1 |b slo |c STUSCHK1 |e AACR2 | ||
| 100 | 1 | |a Dömötörová, Elvíra | |
| 245 | 1 | |a Fyzikálna stabilita kozmetických emulzií na báze špeciálnych druhov vôd a hydrolizovanej kyseliny hyaluronovej |c Elvíra Dömötörová | |
| 260 | |a Bratislava |b STU FCHPT |c 2011 | ||
| 300 | |a 74 s. |b il. |c 30cm | ||
| 500 | |a Obháj.: 7.6. 2011 | ||
| 500 | |a Študijný program: potraviny, hygiena, kozmetika | ||
| 500 | |a Študijný odbor: 5.2.24 potravinárstvo | ||
| 500 | |a Miesto vypracovania: Oddelenie potravinárskej technológie, FCHPT STU | ||
| 500 | |a Evidenčné číslo: FCHPT-5457-27644 | ||
| 910 | |a SCHK95 | ||
| 999 | |c 1896 |d 1896 | ||